Cuadernos de maduración: conceptos básicos
Saved in:
| Hovedforfatter: | |
|---|---|
| Format: | Bog |
| Sprog: | spansk |
| Udgivet: |
Valencia
Promolibro
1983
|
| Serier: | Trabajo y Terapéutica Escolar
|
| Fag: | |
| Tags: |
Tilføj Tag
Ingen Tags, Vær først til at tagge denne postø!
|
MARC
| LEADER | 00000nam a2200000 a 4500 | ||
|---|---|---|---|
| 001 | UCU0445 | ||
| 003 | CL-VaPUC | ||
| 008 | 960322e19830000SP |||||||||||||||||spa|d | ||
| 082 | 0 | 4 | |a 371.26 |b TOL |2 21 |
| 100 | 0 | |a Toledo Herce, Abelardo |e author |9 355599 | |
| 245 | 1 | 0 | |a Cuadernos de maduración: conceptos básicos |
| 300 | |a 36 p | ||
| 942 | |c BK | ||
| 945 | |d 19960322 00:00:00 |a cmena | ||
| 260 | |a Valencia |b Promolibro |c 1983 | ||
| 650 | 7 | |a TESTS DE PROGRESO ESCOLAR |2 CL-VaPUC |9 339860 | |
| 650 | 0 | |a Evaluación |9 271902 | |
| 650 | 7 | |a PSICOLOGIA DE LOS PROCESOS SENSORIALES |2 CL-VaPUC |9 355600 | |
| 650 | 7 | |a PRACTICA DE TESTS EDUCACIONALES |2 CL-VaPUC |9 355601 | |
| 650 | 0 | |a Psicología educacional |9 307830 | |
| 650 | 7 | |a PSICOMOTRICIDAD |2 CL-VaPUC |9 241072 | |
| 650 | 7 | |a ENSEÑANZA CORRECTIVA |2 CL-VaPUC |9 310280 | |
| 650 | 0 | |a Métodos de enseñanza |9 270413 | |
| 583 | |a last modification |c 20170823 12:51:35 |k Rodrigo Vera | ||
| 490 | 0 | |a Trabajo y Terapéutica Escolar | |
| 999 | |c 245298 |d 245296 | ||
| 952 | |0 0 |1 0 |4 0 |6 371_260000000000000_TOL_1983 |7 0 |8 P |9 259763 |a BIBEDU |b BIBEDU |c BIBEDU_PB |d 2019-11-19 |i 1634992 |o 371.26 TOL 1983 |p 1634992 |r 2024-01-25 |w 2019-11-19 |y BK |k EDU | ||